BIBLIOTHÈQUE DE LA MAISON DU MEXIQUE

Logo 1 Logo 2

Nuevo tiempo mexicano (notice nᵒ 651)

détails MARC
000 -Sello discográfico
campo de control de longitud fija 00805nam a2200301 4500
005 - Identificación de versión
campo de control 20251017062820.0
010 ## - Número Estándar Internacional de Libros (ISBN)
Número (ISBN) 968-19-0231-9
035 ## - Otros números de control del sistema
Número de control del sistema 20333
099 ## - fechas locales
Tipo de ítem Koha LIBRO
100 ## - Datos de procesamiento general
Datos de procesamiento general 19960111d1994 m y1spay5003 ba
105 ## - Campo de datos codificados: Material textual, monográfico
Datos codificados de monografía y 001zy
200 1# - Título y mención de responsabilidad
Título propio Nuevo tiempo mexicano
Designación general del material texto impreso
Primer mención de responsabilidad Carlos Fuentes
205 ## - Declaración de edición
Declaración de edición 1a ed
210 ## - Publicación, distribución, etc.
Lugar de publicación, distribución, etc. México
Nombre del editor, distribuidor, etc. Editorial Taurus
Fecha de publicación, distribución, etc. 1994
215 ## - Descripción física
Designación de material específico y extensión del ítem 211 p
Dimensiones 22 cm
345 ## - Nota de información de adquisición
Fuente de adquisición/dirección de la suscripción [OBSOLETO] Compra
410 #1 - Series
Título Nuevo Siglo
607 ## - Nombre geográfico utilizado como tema
Elemento de entrada México
Subdivisión temática Política y gobierno
Número Koha 390
660 ## - Código de área geográfica
Código MX
700 ## - Nombre personal - Responsabilidad primaria
Elemento de entrada Fuentes Macías
Parte del nombre distinta del elemento de entrada Carlos
Fechas 1928-2012
Número Koha 28
801 #0 - Fuente de origen
Agencia cm
900 ## -
-- 1/12160
900 ## -
-- 710961652\\170196
942 ## - ELEMENTOS DE ENTRADA SECUNDARIOS (KOHA)
Tipo de ítem Koha Livre
996 ## -
-- MEX
-- 751145101
-- MMAG
-- 005885
-- 320.972 F954NU
-- 20220118LIV
Exemplaires
Estatus retirado Estado de daño Estado de pérdida Fecha de adquisición Biblioteca de origen Biblioteca actual Ubicación en estantería Código de barras Precio de reemplazo Signatura topográfica completa No para préstamo Tipo de ítem Koha Nota pública Nota no pública
      05/08/2025 Casa México Paris Casa México Paris   005885 05/08/2025 320.972 F954NU   Livre 20220118LIV 751145101